=LDR 00000nam 2200000 4500 =001 INLIS000000000047443 =005 20151120170339.0 =006 =007 =008 =035 ##$$0010-111500000000047 =082 ##$$a 2x6.1 haw =100 ##$$a hawwa said =245 ##$$a agar kita tidak terlindas zaman =250 ##$$a ed kedua =260 ##$$a solo $b cv.pustaka mantiq $c 1991 =300 ##$$a 145 hlm $c 15 cm =850 ##$$a NBPNMAT =990 ##$$a 0001/BPAP-NTB/2015